| 000 | 00976nam a2200253Ia 4500 | ||
|---|---|---|---|
| 003 | OSt | ||
| 005 | 20221005112137.0 | ||
| 006 | a|||||r|||| 00| 0 | ||
| 007 | ta | ||
| 008 | 221004b |||||||| |||| 00| 0 pan d | ||
| 020 |
_a8172051093 (hbk) _cIndian Rupees 120 |
||
| 024 | _a33777 | ||
| 037 |
_bGift, 28/09/2017, _cTextual |
||
| 040 |
_aCRL _cCRL _bpan |
||
| 041 |
_2pan _apan |
||
| 082 | _aV236.M8, 153K1;P3 | ||
| 100 |
_aਮਖਸੂਸਪੁਰੀ, ਸੁੰਦਰ ਸਿੰਘ ਬੱਬਰ, ਂਚ. _9624284 |
||
| 245 | 0 | _aਇਤਿਹਾਸ ਬੱਬਰ ਅਕਾਲੀ ਲਹਿਰ | |
| 260 |
_aਅੰਮ੍ਰਿਤਸਰ _bਸਿੰਘ ਬ੍ਰਦਰਗ਼ ਭਾਰਤ _c2003 |
||
| 300 |
_a224ਪ੍ਰ0 _ccm. |
||
| 650 | _aਪੰਜਾਬ-ਇਤਿਹਾਸ | ||
| 942 |
_hV236.M8, 153K1;P3 _cTEXL _2cc |
||
| 999 |
_c1023946 _d1023946 |
||